Satellite communication systems engineering /

Bibliographic Details
Main Author: Pritchard, Wilbur L.
Other Authors: Suyderhoud, Henri G., Nelson, Robert A.
Format: Book
Language:English
Published: Englewood Cliffs, N.J. : Prentice Hall, [1993]
Edition:2nd ed.
Subjects:

MARC

Tag First Indicator Second Indicator Subfields
LEADER 00000cam a2200000 a 4500
001 in00001131321
005 20150930080638.0
008 920616s1993 njuab b 001 0 eng
010 |a  92002361  
015 |a GB93-23560 
020 |a 0137914687 
035 |a (OCoLC)26160862 
035 |9 AFW8797AM 
040 |a DLC  |c DLC  |d UKM  |d TXA  |d UtOrBLW 
049 |a TXAM 
050 0 0 |a TK5104  |b .P74 1993 
082 0 0 |a 621.382/54  |2 20 
100 1 |a Pritchard, Wilbur L. 
245 1 0 |a Satellite communication systems engineering /  |c Wilbur L. Pritchard, Henri G. Suyderhoud, Robert A. Nelson. 
250 |a 2nd ed. 
264 1 |a Englewood Cliffs, N.J. :  |b Prentice Hall,  |c [1993] 
264 4 |c ©1993 
300 |a xviii, 547 pages :  |b illustrations, maps ;  |c 25 cm. 
336 |a text  |b txt  |2 rdacontent 
337 |a unmediated  |b n  |2 rdamedia 
338 |a volume  |b nc  |2 rdacarrier 
504 |a Includes bibliographical references and index. 
650 0 |a Artificial satellites in telecommunication  |x Systems engineering. 
653 0 |a Telecommunication  |a Use of  |a Artificial satellites 
700 1 |a Suyderhoud, Henri G. 
700 1 |a Nelson, Robert A. 
999 |a MARS 
999 f f |s d9188951-596a-37f1-838b-4dd1ab327bc1  |i 21b0d5c4-8fa9-30ba-9db0-9935e97ba08f  |t 0 
952 f f |p normal  |a Texas A&M University  |b College Station  |c Sterling C. Evans Library  |d Evans: Library Stacks  |t 0  |e TK5104 .P74 1993  |h Library of Congress classification  |i unmediated -- volume  |m A14817142763 
998 f f |a TK5104 .P74 1993  |t 0  |l Evans: Library Stacks